Estudios sobre la Ley de Propiedad Intelectual (Registro nro. 164622)
[ vista simple ]
| 000 -LEADER | |
|---|---|
| fixed length control field | 01176nam a22002537a 4500 |
| 007 - PHYSICAL DESCRIPTION FIXED FIELD--GENERAL INFORMATION | |
| fixed length control field | cr|||| ||u| |
| 008 - FIXED-LENGTH DATA ELEMENTS--GENERAL INFORMATION | |
| fixed length control field | 161107s2016 Sp |||||o|||| 001 0 Spa d |
| 020 ## - INTERNATIONAL STANDARD BOOK NUMBER | |
| International Standard Book Number | 978-84-9085-805-9 |
| 035 ## - | |
| -- | 14512 |
| 040 ## - CATALOGING SOURCE | |
| Original cataloging agency | vLex |
| 090 ## - | |
| -- | 6370 |
| -- | 6370 |
| 100 1# - MAIN ENTRY--PERSONAL NAME | |
| Personal name | Bercovitz Rodriguez-Cano, Rodrigo |
| 245 1# - TITLE STATEMENT | |
| Title | Estudios sobre la Ley de Propiedad Intelectual |
| Medium | [Recurso electrónico] : |
| Remainder of title | Últimas reformas y materias pendientes / |
| Statement of responsibility, etc | Rodrigo Bercovitz Rodriguez-Cano. |
| 256 ## - | |
| -- | Servicio en línea |
| 260 ## - PUBLICATION, DISTRIBUTION, ETC. (IMPRINT) | |
| Place of publication, distribution, etc | Madrid: |
| Name of publisher, distributor, etc | Dykinson, |
| Date of publication, distribution, etc | 2016. |
| 300 ## - PHYSICAL DESCRIPTION | |
| Extent | 1 Recurso electrónico |
| 506 1# - RESTRICTIONS ON ACCESS NOTE | |
| Terms governing access | Disponible en los productos indicados |
| Authorized users | vLex Global |
| -- | vLex Global (Academic Edition, excluding Law Schools) |
| -- | vLex Global (U.S. Academic Edition, Law Schools) |
| -- | vLex Global (U.S. Academic Edition, excluding Law Schools) |
| -- | vLex Global (Academic Edition, Law Schools) |
| 650 04 - SUBJECT ADDED ENTRY--TOPICAL TERM | |
| Topical term or geographic name as entry element | Propiedad intelectual |
| Geographic subdivision | España |
| 650 04 - SUBJECT ADDED ENTRY--TOPICAL TERM | |
| Topical term or geographic name as entry element | Derecho civil |
| Geographic subdivision | España |
| 740 0# - | |
| -- | vLex libros (servicio en línea) |
| 856 40 - LOCALIZACIÓN Y ACCESO ELECTRÓNICO | |
| Identificador Uniforme del Recurso (URI/URL) | https://app.vlex.com/#/sources/estudios-sobre-la-ley-de-propiedad-intelectual-ultimas-reformas-y-materias-pendientes-14512 |
| 942 ## - | |
| -- | RAA |
| 999 ## - | |
| -- | 164622 |
| -- | 164622 |
No hay ítems disponibles.